000 00531cam a2200205 4500
001 D9830
008 090401t1981 xxu||||| |||| 00| 0 eng d
035 _a(Sirsi) u22733
041 _aeng
050 _a692.2
100 _aWhyte, W.S.
245 4 _aThe Building Regulations explained and illustrated for residential buildings
250 _a5th rev
260 _aLondon
_bGranada Publishing Ltd
_c1981
300 _ax. 300p. 23cm
350 _a6.95
700 _aPowell-Smith, Vincent
942 _n0
948 _c04/03/1997
999 _c88239
_d88239